01422nam a2200277 a 450000100100000000500170001000800410002702000180006809000110008610000190009724501380011626000300025450000510028450000680033550000570040350000940046050000700055450000990062465000310072365000350075470000230078970000310081299900150084395201430085895201430100100001710620200120222001.0010118s1997 vena gr0 000 d a980-07-4247-6 aPbNAZ0 aNazoa, Aquiles13aEl libro de los cochinitos /cpoemas de Aquiles Nazoa ; ilustraciones de Rosana Faria ; selección de textos de María Elena Maggi. aMaracay :bPlayco,c1997. aEjs. 3, 4 y 5 de Marichuela donados por la SED aEj.1 de Mosquera donado por la Biblioteca Nacional - PNLB 2012. aEj.2 de Biblioteca Mosquera con ISBN: 9789588445779. aEj.1 de la Biblioteca Carlos E. Restrepo pertenece a la colección donada por Bibliored. aEj.1 de la Biblioteca Carlos E. Restrepo con ISBN: 9789588445779. aEj.1 Biblioparque Funza con ISBN: 9789588445779. Donación Banco de la República. PNLB 201214aPOESIA INFANTIL VENEZOLANA14aLITERATURA INFANTIL VENEZOLANA1 aFaria, Rosana, il.1 aMaggi, María Elena, sel. c1041d1041 00102ddc40708LIaBPMOSbBPMOSd2020-01-20i110149l2oP NAZpMOS001626r2026-05-05s2025-09-08tej.1w2020-01-20yBKLITzQuince días 00102ddc40708LIaBPMOSbBPMOSd2020-01-20i113220l1oP NAZpMOS013768r2024-05-22s2024-05-03tej.2w2020-01-20yBKLITzQuince días